Alle PDC Darts Turniersieger 2009 - Statistiken

Allgemein
  • Dieses Quiz wurde 42 mal gespielt
  • Das Durchschnittsergebnis liegt bei 35 aus 55
Antwortstatistiken
Turnier Land Dartsspieler % Korrekt
UK Open North West Regional Final England James Wade
93%
PDPA Players Championship East Midlands England James Wade
93%
Premier League England James Wade
93%
PDPA Players Championship Nuland 4 England James Wade
93%
World Darts Championship England Phil Taylor
93%
PDPA Players Championship Gibraltar 1 England Phil Taylor
93%
PDPA Players Championship Gibraltar 2 England Phil Taylor
93%
Players Championship Finals England Phil Taylor
93%
PDPA Players Championship Germany 1 England Phil Taylor
93%
PDPA Players Championship Germany 2 England Phil Taylor
93%
PDPA Players Championship South England Phil Taylor
93%
UK Open Southern Regional Final England Phil Taylor
93%
UK Open Midlands Regional Final England Phil Taylor
93%
PDPA Players Championship Nuland 1 England Phil Taylor
93%
PDPA Players Championship Nuland 2 England Phil Taylor
93%
UK Open South West Regional Final England Phil Taylor
93%
UK Open England Phil Taylor
93%
Las Vegas Desert Classic England Phil Taylor
93%
World Matchplay England Phil Taylor
93%
Emperors Palace South African Masters England Phil Taylor
93%
PDPA Players Championship Ireland 2 England Phil Taylor
93%
World Grand Prix England Phil Taylor
93%
Gleneagle Irish Masters England Phil Taylor
93%
Killarney Pro Tour England Phil Taylor
93%
European Championship England Phil Taylor
93%
Grand Slam Of Darts England Phil Taylor
93%
PDC German Darts Championship England Phil Taylor
93%
PDPA Players Championship Wales Schottland Gary Anderson
81%
PDPA Players Championship Austria 1 England Adrian Lewis
74%
PDPA Players Championship Ireland 1 England Adrian Lewis
74%
PDPA Players Championship South West Niederlande Michael van Gerwen
74%
PDPA Players Championship Scotland Schottland Robert Thornton
67%
UK Open Scotish Regional Final Schottland Robert Thornton
67%
PDPA Players Championship Germany 3 England Andy Smith
59%
UK Open North East Regional Final England Colin Lloyd
56%
Atlanta Players Championship England Colin Lloyd
56%
Bobby Bourn Memorial Trophy England Terry Jenkins
56%
Austrian Open Players Championship Australien Paul Nicholson
52%
PDPA Players Championship Scotland 2 England Wes Newton
30%
PDPA Players Championship Las Vegas England Ronnie Baxter
26%
Oceanic Masters Neuseeland Warren Parry
26%
PDPA Players Championship North West England Dennis Priestley
22%
PDPA Players Championship Canada England Dennis Priestley
22%
PDC US Open England Dennis Priestley
22%
PDPA Players Championship Barnsley 2 England Colin Osborne
15%
Championship Of Darts England Colin Osborne
15%
PDPA Players Championship Sotland 3 England Colin Osborne
15%
PDPA Players Championship Nuland 3 England Steve Beaton
15%
UK Open Welsh Regional Final England Jamie Caven
11%
PDPA Players Championship Austria 2 England Jamie Caven
11%
PDPA Players Championship Midlands England Mark Walsh
7%
UK Open East Midlands Regional Final England Mark Walsh
7%
PDPA Players Championship Barnsley 1 England Mark Walsh
7%
PDPA Players Championship Germany 4 England Mark Walsh
7%
North American Darts Championship USA Scotty Burnett
0%
Keine übereinstimmenden Quizze gefunden
Verteilung der Resultate
Anzahl Personen mit jedem Resultat
Perzentil nach korrekt beantworteten Fragen
Ihre Resultats-Entwicklung
Sie haben dieses Quiz noch nicht gespielt